1095 1327 1762 1748 1838 1608 1153 1071 1924 1668 1589 1124 1629 1737 1201 1374 1174 1939 1593 1329 1919 1957 1490 1063 1438 1876 1873 1511 1708 1474 1941 1205 1549 1050 1831 1573 1316 1821 1558 1220 1615 1023 1097 1991 1783 1714 1313 1838 1063 1004 1269 1643 1108 1392 1347 1662 1710 1451 1220 1612 1906 1727 1246 1081 1454 1203 1665 1308 1309 1439 1313 1618 1787 1830 1510 1010 1768 1635 1302 1323 1803 1479 1372 1241 1487 1336 1781 1823 1022 1575 1093 1948 1323 1875 1299 1381 1724 1571 1647 BCNSPRNW ULIB Ver.6.0+V

เปลี่ยนเป็นภาษาไทย

Change to English
 แสดงรายละเอียดบรรณานุกรม
  กลับหน้าหลัก

Brief Record : Get Marc (ISO 2709) : E-mail record : QR code < ปิดหน้าต่าง
LEADER : 00000nam 2200000uu 4500
001    13399114584
003     ULIB
008    120418s2551||||th 000 0 tha d
020    ^a9789744513083
090    ^aนว.^bพ912ป 2551
100 0  ^aเพ็ญศิริ
245 00 ^aบัลลังก์มาร/^cเพ็ญศิริ
250    ^aพิมพ์ครั้งที่ 1
260    ^aกรุงเทพฯ :^bSimply book,^c2551
300    ^a320 หน้า
945    ^p215^l0^i15325
995    ^aกัณชพร
999    ^aใช้งานได้ทุกระบบ
รายการนี้ยังไม่มีแท็ก
คุณยังไม่ได้ล็อกอิน คุณสามารถมีกิจกรรมร่วมกับเว็บไซต์ได้ แต่ต้องล็อกอินก่อน ::
  ล็อกอิน

รายการสื่อสารสนเทศ

ลำดับที่ ประเภท เลขเรียก/บาร์โค้ด สถานที่ สถานะ
1. นวนิยาย
นวนิยาย
นว. พ912ป 2551  
  Barcode: 15325
ห้องสมุดวิทยาเขตสวรรค์ประชารักษ์
►นวนิยาย
บนชั้น
  ขอยืม

รายการใกล้เคียง
    ผู้แต่ง [เพ็ญศิริ]

BibComment


ยังไม่เคยถูกคอมเมนท์

คอมเมนท์ทรัพยากรรายการนี้
  คอมเมนท์: บัลลังก์มาร เพ็ญ..


 Copyright 2026. Bcnsprnw @Library